[Event "39th TCh-GRE"]
[Site "Eretria GRE"]
[Date "2011.07.04"]
[Round "3.3"]
[White "Noutsos, Stamoulis"]
[Black "Hrisomalis, Theodoros"]
[Result "1/2-1/2"]
[WhiteElo "1771"]
[BlackElo "2078"]
[WhiteTeam "HRC Korydallos"]
[BlackTeam "CC Kavala"]
[WhiteFideId "4236467"]
[BlackFideId "4221486"]
[EventDate "2011.07.03"]

1. d4 Nf6 2. c4 e6 3. Nf3 b6 4. g3 Bb7 5. Bg2 Be7 6. O-O O-O 7. Nc3 Ne4 8. Qc2
Nxc3 9. Qxc3 f5 10. b3 Bf6 11. Bb2 d6 12. Rad1 Qe7 13. Qc2 Be4 14. Qd2 Nd7 15.
Rfe1 a5 16. a3 g5 17. Qc1 Qg7 18. Nd2 Bxg2 19. Kxg2 h5 20. e4 Rae8 21. Qa1 g4
22. exf5 exf5 23. Rxe8 Rxe8 24. Re1 Rxe1 25. Qxe1 Kf7 26. Qe3 Nf8 27. Qd3 Kg6
28. Nf1 Bg5 29. Ne3 Bxe3 30. Qxe3 Qf6 31. Bc3 Qe6 32. Bd2 Qxe3 33. Bxe3 Ne6 34.
b4 axb4 35. axb4 Kf6 36. h3 Ng5 37. Bxg5+ Kxg5 38. f4+ Kf6 39. hxg4 fxg4 40. Kf2
Kf5 41. Ke3 b5 42. cxb5 d5 43. b6 cxb6 44. b5 Kf6 45. Ke2 Kg6 46. Kf2 Kh6 47.
Kg2 Kg7 48. Kf2 Kg6 49. Ke2 Kf6 50. Kf2 Ke6 51. Ke2 Kd6 52. Ke3 Ke7 53. Ke2 Ke6
54. Kf2 Kf6 55. Ke2 Kf5 56. Ke3 1/2-1/2

[Event "39th TCh-GRE"]
[Site "Eretria GRE"]
[Date "2011.07.04"]
[Round "3.3"]
[White "Tsolakidou, Stavroula"]
[Black "Capone, Nicola"]
[Result "0-1"]
[WhiteElo "1803"]
[BlackElo "2005"]
[WhiteTeam "CC Kavala"]
[BlackTeam "HRC Korydallos"]
[WhiteFideId "4264312"]
[BlackFideId "224715"]
[EventDate "2011.07.03"]

1. e4 c5 2. Nf3 d6 3. d4 cxd4 4. Nxd4 Nf6 5. Nc3 Nc6 6. Be3 Ng4 7. Qd2 Nxe3 8.
Qxe3 g6 9. O-O-O Bg7 10. Nb3 O-O 11. h4 Be6 12. Nd5 a5 13. Qb6 a4 14. Qxd8 Rfxd8
15. Nd2 Bxd5 16. exd5 Nb4 17. Bc4 a3 18. c3 axb2+ 19. Kxb2 Rdc8 20. a3 Na6 21.
Rh3 Nc5 22. Bb3 b5 23. Re1 Kf8 24. Ne4 Rab8 25. Kc2 Rb7 26. Rf3 h6 27. g4 Rbc7
28. Nxc5 Rxc5 29. Ree3 Bf6 30. h5 Kg7 31. Rd3 R5c7 32. a4 bxa4 33. Bxa4 Rc4 34.
Bc6 Rb8 35. Rg3 e5 36. f3 Bg5 37. Rg1 Kf6 38. Rf1 gxh5 39. gxh5 Rh4 40. Rf2 Rxh5
41. c4 Rh1 42. Rd1 Rxd1 43. Kxd1 Be3 44. Re2 Bd4 45. Bb5 h5 46. Rh2 Rh8 47. Ke2
h4 48. Bd7 Kg5 49. Rg2+ Kf6 50. Rh2 Rh7 51. Bh3 Bb2 52. Rg2 Rh8 53. Bd7 Bc1 54.
Bh3 Bf4 55. Rg4 Bg3 56. Kd3 Ra8 57. Re4 Kg5 58. Rg4+ Kh6 59. Re4 Ra3+ 60. Ke2
Ra2+ 61. Kd3 Kg6 62. Rg4+ Kf6 63. Re4 Rh2 64. Bg4 h3 65. Bxh3 Rxh3 66. Re2 Kg5
67. Rg2 Kf4 68. Ke2 Rh1 69. c5 dxc5 70. d6 Rh6 71. d7 Rd6 72. Rg1 Rxd7 0-1

[Event "39th TCh-GRE"]
[Site "Eretria GRE"]
[Date "2011.07.04"]
[Round "3.4"]
[White "Atalik, Suat"]
[Black "Berg, Emanuel"]
[Result "1/2-1/2"]
[WhiteTitle "GM"]
[BlackTitle "GM"]
[WhiteElo "2619"]
[BlackElo "2604"]
[WhiteTeam "Chess Academy Thes. Galaxias"]
[BlackTeam "Ptolemaida Ptolemaios CC"]
[WhiteFideId "14401487"]
[BlackFideId "1704060"]
[EventDate "2011.07.03"]

1. d4 Nf6 2. c4 g6 3. Nc3 Bg7 4. e4 d6 5. f3 O-O 6. Be3 c5 7. dxc5 dxc5 8. Qxd8
Rxd8 9. Bxc5 Nc6 10. Nge2 Nd7 11. Be3 Nde5 12. Nf4 Nb4 13. Rc1 Be6 14. b3 g5 15.
Nxe6 Ned3+ 16. Bxd3 Nxd3+ 17. Ke2 Nxc1+ 18. Rxc1 fxe6 19. Bxg5 Kf7 20. Nd1 Bd4
21. g3 Rd7 22. Nf2 Bxf2 23. Kxf2 e5 24. Ke2 Ke6 25. Be3 b6 26. g4 Rad8 27. h4
Rd6 28. g5 R6d7 29. h5 Kf7 30. c5 Rc7 31. b4 bxc5 32. Bxc5 a5 33. a3 axb4 34.
axb4 Rg8 35. Rg1 Ra8 36. Kf2 Rg8 37. Ke3 Ra8 38. Rd1 Ke6 39. Rd3 Rcc8 40. f4
exf4+ 41. Kxf4 Rf8+ 42. Kg3 Ra1 43. Rb3 Re1 44. b5 Rxe4 45. b6 Rb8 46. b7 Ra4
47. Rb6+ Kd7 48. g6 hxg6 49. hxg6 Ke8 50. Rc6 Rxb7 51. Rc8+ Kd7 52. g7 Rb3+ 53.
Be3 Rxe3+ 54. Kf2 Rg4 55. g8=Q Rxg8 56. Rxg8 Ra3 57. Ke2 Kd6 58. Rg5 e5 59. Rg4
Kd5 60. Rb4 Rh3 61. Ra4 Ke6 62. Rb4 Kf5 63. Ra4 e4 64. Ra8 Rh2+ 65. Ke3 Rh3+ 66.
Ke2 e3 67. Ra4 Ke5 68. Rg4 Kf5 69. Ra4 Ke5 1/2-1/2

[Event "39th TCh-GRE"]
[Site "Eretria GRE"]
[Date "2011.07.04"]
[Round "3.4"]
[White "Sidiropoulos, Nikolaos2"]
[Black "Mladenov, Plamen"]
[Result "0-1"]
[BlackTitle "IM"]
[WhiteElo "1899"]
[BlackElo "2391"]
[WhiteTeam "Peiraikos OS"]
[BlackTeam "Chess Academy Thes. Galaxias"]
[WhiteFideId "4217250"]
[BlackFideId "2906198"]
[EventDate "2011.07.03"]

1. d4 d5 2. Nf3 Nf6 3. c4 e6 4. Nc3 c6 5. e3 Nbd7 6. Qc2 Bd6 7. g4 Nxg4 8. Rg1
Qf6 9. Rxg4 Qxf3 10. Rxg7 Nf6 11. h3 Bd7 12. Rg5 Qh1 13. Bd2 O-O-O 14. O-O-O
Rdg8 15. f4 h6 16. Rxg8+ Rxg8 17. cxd5 exd5 18. Nb5 Bb8 19. Qc5 Rg1 20. Be2
Rxd1+ 21. Bxd1 b6 22. Qf8+ Ne8 23. Nc3 Qxh3 24. Qxf7 Bd6 25. e4 dxe4 26. Nxe4
Bc7 27. d5 Qd3 28. Nc3 Nd6 29. Qf8+ Kb7 30. dxc6+ Bxc6 31. Qxh6 Nc4 32. Qh2 Qd4
33. Kc2 Be4+ 34. Nxe4 Qxe4+ 35. Kc3 b5 36. a3 Nxd2 37. Qxd2 Qc4# 0-1

[Event "39th TCh-GRE"]
[Site "Eretria GRE"]
[Date "2011.07.04"]
[Round "3.4"]
[White "Cramling, Pia"]
[Black "Grapsa, Georgia"]
[Result "1-0"]
[WhiteTitle "GM"]
[WhiteElo "2472"]
[BlackElo "2057"]
[WhiteTeam "Ptolemaida Ptolemaios CC"]
[BlackTeam "Chess Academy Thes. Galaxias"]
[WhiteFideId "1700030"]
[BlackFideId "4206436"]
[EventDate "2011.07.03"]

1. d4 Nf6 2. Nf3 b6 3. c4 Bb7 4. Nc3 Ne4 5. Nxe4 Bxe4 6. Nd2 Bb7 7. e4 e6 8. Bd3
Nc6 9. Nf3 Bb4+ 10. Kf1 e5 11. d5 Nd4 12. Nxe5 Qe7 13. Nf3 Nxf3 14. Qxf3 O-O-O
15. Be3 Rde8 16. h4 Ba6 17. Kg1 Qe5 18. Qe2 Bc5 19. Rh3 Bd4 20. Rb1 c5 21. Rf3
Qh5 22. Bxd4 cxd4 23. c5 Bxd3 24. Qxd3 Kb7 25. Qb5 Rc8 26. Qxd7+ Rc7 27. c6+ Kb8
28. Qf5 Qxh4 29. Qe5 Qd8 30. Rxf7 Re8 31. Qxc7+ Qxc7 32. Rxc7 Kxc7 33. f3 1-0

[Event "39th TCh-GRE"]
[Site "Eretria GRE"]
[Date "2011.07.04"]
[Round "3.4"]
[White "Mitrou, Vasiliki"]
[Black "Alexiou, Dimitra"]
[Result "1-0"]
[WhiteElo "1766"]
[BlackElo "1593"]
[WhiteTeam "Chess Academy Thes. Galaxias"]
[BlackTeam "Ptolemaida Ptolemaios CC"]
[WhiteFideId "4218566"]
[BlackFideId "4239083"]
[EventDate "2011.07.03"]

1. e4 e5 2. Bc4 Nc6 3. c3 Bc5 4. Nf3 Nf6 5. d3 d6 6. Nbd2 Be6 7. Bxe6 fxe6 8.
Qb3 Qc8 9. Ng5 d5 10. O-O O-O 11. h3 Nh5 12. exd5 Nd8 13. dxe6 Be7 14. Nde4 h6
15. Nf3 Nc6 16. Be3 Nf6 17. Nc5 b6 18. Nd7 Kh7 19. Nxf8+ Kg8 20. Ng6 1-0

[Event "39th TCh-GRE"]
[Site "Eretria GRE"]
[Date "2011.07.04"]
[Round "3.4"]
[White "Galopoulos, Panagiotis"]
[Black "Samaras, Georgios"]
[Result "1-0"]
[WhiteTitle "FM"]
[WhiteElo "2090"]
[BlackElo "1591"]
[WhiteTeam "Chess Academy Thes. Galaxias"]
[BlackTeam "Ptolemaida Ptolemaios CC"]
[WhiteFideId "4214200"]
[BlackFideId "4239458"]
[EventDate "2011.07.03"]

1. d4 d5 2. c4 e6 3. Nc3 Nf6 4. cxd5 exd5 5. Bg5 Be7 6. e3 O-O 7. Bd3 c6 8. Qc2
Nbd7 9. Nf3 h6 10. Bh4 Re8 11. O-O Ne4 12. Bg3 Nxg3 13. hxg3 Nf6 14. Ne5 Ng4 15.
Bh7+ Kf8 16. Bf5 Nxe5 17. dxe5 Bxf5 18. Qxf5 g6 19. Qd3 Bb4 20. f4 Bxc3 21. Qxc3
Qd7 22. b4 Qg4 23. Kf2 Re6 24. b5 Kg8 25. Qd4 cxb5 26. Qxd5 Rc6 27. Rfd1 Rac8
28. Rd2 Rc2 29. Rb1 Qf5 30. Rb2 Rc1 31. Qxb7 Qh5 32. Qxb5 Qh1 33. Kf3 R8c4 34.
Qd5 Rf1+ 35. Rf2 Rcc1 36. e6 Rxf2+ 37. Rxf2 Qh5+ 38. Qxh5 gxh5 39. e7 Rc8 40.
Rd2 Re8 41. Rd8 1-0

[Event "39th TCh-GRE"]
[Site "Eretria GRE"]
[Date "2011.07.04"]
[Round "3.4"]
[White "Harizopoulos, Ioannis"]
[Black "Vasiliadis, Antony"]
[Result "0-1"]
[WhiteElo "1615"]
[BlackElo "1634"]
[WhiteTeam "Ptolemaida Ptolemaios CC"]
[BlackTeam "Chess Academy Thes. Galaxias"]
[WhiteFideId "4250931"]
[BlackFideId "2917513"]
[EventDate "2011.07.03"]

1. d4 d5 2. c4 e5 3. dxe5 d4 4. Nf3 Nc6 5. Bf4 Nge7 6. Bg5 h6 7. Bh4 Bf5 8. a3
g5 9. Bg3 Ng6 10. h3 Bg7 11. Qb3 Rb8 12. Nbd2 a6 13. Qa4 b5 14. cxb5 axb5 15.
Qb3 Ngxe5 16. Nxe5 Nxe5 17. Rc1 O-O 18. h4 g4 19. Bf4 Qe7 20. Kd1 c5 21. Qd5
Rfc8 22. Qa2 c4 23. Qa1 Rb6 24. e3 Ng6 25. g3 Nxf4 26. exf4 Re8 27. Nf3 gxf3 28.
Kd2 c3+ 29. bxc3 dxc3+ 30. Rxc3 Bxc3+ 31. Kxc3 Qc5+ 32. Kb3 Qc2+ 33. Kb4 Qa4+
34. Kc5 Ree6 35. Qe5 Rbc6+ 36. Kd5 Qd1+ 37. Qd4 Be4# 0-1

[Event "39th TCh-GRE"]
[Site "Eretria GRE"]
[Date "2011.07.04"]
[Round "3.5"]
[White "Karagiannis, Athanasios"]
[Black "Kritz, Leonid"]
[Result "0-1"]
[WhiteTitle "IM"]
[BlackTitle "GM"]
[WhiteElo "2340"]
[BlackElo "2615"]
[WhiteTeam "Aigaleo CC"]
[BlackTeam "Heraklion CC"]
[WhiteFideId "4201256"]
[BlackFideId "4653530"]
[EventDate "2011.07.03"]

1. d4 Nf6 2. Nf3 e6 3. c4 b6 4. e3 Bb7 5. Bd3 g6 6. Nc3 d5 7. O-O Bg7 8. b3 O-O
9. Ba3 Re8 10. Rc1 a6 11. cxd5 exd5 12. Qc2 Nbd7 13. Na4 c6 14. Qe2 Ne4 15. Rc2
f5 16. Rfc1 f4 17. exf4 b5 18. Ne5 bxa4 19. Bxe4 Nxe5 20. dxe5 dxe4 21. Rd2 Qc8
22. Rd6 Qf5 23. Qc4+ Kh8 24. Rf6 Bxf6 25. exf6 Rf8 26. Rd1 Rad8 27. Rd6 Qxf6 28.
Rxf6 Rd1+ 29. Qf1 Rxf1+ 30. Kxf1 Rxf6 31. Bb2 Kg7 32. g4 Kf7 0-1

[Event "39th TCh-GRE"]
[Site "Eretria GRE"]
[Date "2011.07.04"]
[Round "3.5"]
[White "Postny, Evgeny"]
[Black "Spirakopoulos, Ioannis"]
[Result "1-0"]
[WhiteTitle "GM"]
[WhiteElo "2618"]
[BlackElo "2155"]
[WhiteTeam "Heraklion CC"]
[BlackTeam "Aigaleo CC"]
[WhiteFideId "2804344"]
[BlackFideId "4204123"]
[EventDate "2011.07.03"]

1. e4 e6 2. d4 d5 3. Nd2 Nf6 4. e5 Nfd7 5. c3 c5 6. f4 Nc6 7. Ndf3 Qb6 8. g3
cxd4 9. cxd4 Bb4+ 10. Kf2 g5 11. Be3 gxf4 12. gxf4 f6 13. a3 Be7 14. b4 O-O 15.
Ne2 a5 16. b5 Na7 17. Rg1+ Kh8 18. Nc3 fxe5 19. fxe5 Nc5 20. Bh6 Rf7 21. Ke3 Ne4
22. Nxe4 dxe4 23. Ng5 Bxg5+ 24. Bxg5 Nxb5 25. Bf6+ Rxf6 26. exf6 e5 27. Bxb5
Qxb5 28. Rb1 Qc6 29. Rg8+ Kxg8 30. Qg1+ 1-0

[Event "39th TCh-GRE"]
[Site "Eretria GRE"]
[Date "2011.07.04"]
[Round "3.5"]
[White "Markantonaki, Haritomeni"]
[Black "Koutsogiannopoulou, Theodora"]
[Result "1-0"]
[WhiteTitle "WFM"]
[WhiteElo "2147"]
[BlackElo "1829"]
[WhiteTeam "Heraklion CC"]
[BlackTeam "Aigaleo CC"]
[WhiteFideId "4207050"]
[BlackFideId "4215265"]
[EventDate "2011.07.03"]

1. e4 c5 2. Nf3 d6 3. d4 cxd4 4. Nxd4 Nf6 5. Nc3 a6 6. Bc4 e6 7. Bb3 b5 8. Qf3
Qc7 9. O-O Be7 10. Qg3 O-O 11. Bh6 Ne8 12. Rad1 Bd7 13. Nf3 Nc6 14. Bf4 b4 15.
Ne2 e5 16. Bg5 Bxg5 17. Qxg5 Nf6 18. Ng3 Be6 19. Rd3 a5 20. Rfd1 Rfd8 21. Qd2
Ne8 22. c3 Rd7 23. Nh4 g6 24. Nf3 Rad8 25. Qh6 Bxb3 26. axb3 f6 27. h4 Rg7 28.
Qe3 Ne7 29. Qd2 f5 30. Ng5 Qd7 31. cxb4 h6 32. Nf3 f4 33. Nf1 axb4 34. Qxb4 g5
35. Nxe5 Qe6 36. Qc4 d5 37. exd5 Qxe5 38. d6+ Kh8 39. dxe7 Rxd3 40. Rxd3 Qxe7
41. Qd4 gxh4 42. Qxf4 Qb7 43. Qxh6+ Kg8 44. Qe6+ Kh7 45. Qd5 Qe7 46. Re3 Qf8 47.
Qh5+ 1-0

[Event "39th TCh-GRE"]
[Site "Eretria GRE"]
[Date "2011.07.04"]
[Round "3.5"]
[White "Liapi Zenebisi, Irini"]
[Black "Malikentzou, Nafsika"]
[Result "1-0"]
[WhiteElo "1416"]
[BlackElo "1640"]
[WhiteTeam "Aigaleo CC"]
[BlackTeam "Heraklion CC"]
[WhiteFideId "4234120"]
[BlackFideId "4222237"]
[EventDate "2011.07.03"]

1. e4 g6 2. d4 Bg7 3. Nc3 d6 4. Be3 a6 5. h4 h5 6. Qd2 b5 7. f3 Nf6 8. Nh3 Nbd7
9. Ng5 b4 10. Bc4 e6 11. Ne2 a5 12. Bxe6 Qe7 13. Bxf7+ Kf8 14. Nf4 Nb6 15. Nxg6# 1-0

[Event "39th TCh-GRE"]
[Site "Eretria GRE"]
[Date "2011.07.04"]
[Round "3.5"]
[White "Liaskos, Leonidas"]
[Black "Dimopoulos, Dimitrios"]
[Result "1/2-1/2"]
[WhiteElo "2107"]
[BlackElo "1946"]
[WhiteTeam "Aigaleo CC"]
[BlackTeam "Heraklion CC"]
[WhiteFideId "4211421"]
[BlackFideId "4213459"]
[EventDate "2011.07.03"]

1. e4 c6 2. d4 d5 3. f3 e6 4. Be3 dxe4 5. fxe4 Qh4+ 6. Bf2 Qxe4+ 7. Ne2 Nf6 8.
Nd2 Qd5 9. Nc3 Qd8 10. Bd3 Be7 11. Qf3 Nbd7 12. Qg3 O-O 13. O-O-O b6 14. Qf3 Bb7
15. g4 Qc7 16. Qh3 g6 17. Rhg1 a6 18. Bg3 Qd8 19. Bf4 c5 20. dxc5 Nxc5 21. Be2
Nd5 22. Nxd5 Qxd5 23. Bc4 Qc6 24. Bh6 Rfe8 25. Rgf1 Bf8 26. g5 b5 27. Be2 Rac8
28. c3 Qg2 29. Qe3 Qc6 30. Rf4 Bxh6 31. gxh6 e5 32. Rf2 f5 33. Rg1 Kh8 34. Qg5
Qe6 35. h4 Ne4 36. Nxe4 Bxe4 37. h5 f4 38. Bg4 Bf5 39. hxg6 hxg6 40. Bxf5 Qxf5
41. Qxg6 Qxg6 42. Rxg6 a5 43. Ra6 Ra8 44. Rb6 Rab8 45. Ra6 Ra8 46. Rb6 1/2-1/2

[Event "39th TCh-GRE"]
[Site "Eretria GRE"]
[Date "2011.07.04"]
[Round "3.5"]
[White "Korniotis, Filippos"]
[Black "Kalofonos, Panayotis"]
[Result "0-1"]
[WhiteElo "1724"]
[BlackElo "1713"]
[WhiteTeam "Heraklion CC"]
[BlackTeam "Aigaleo CC"]
[WhiteFideId "4236912"]
[BlackFideId "4233824"]
[EventDate "2011.07.03"]

1. d4 d5 2. Nf3 Nf6 3. c4 e6 4. Nc3 c6 5. e3 Nbd7 6. Qc2 Bd6 7. e4 Nxe4 8. Nxe4
dxe4 9. Qxe4 c5 10. dxc5 Nxc5 11. Qc2 e5 12. b4 Ne6 13. c5 Bc7 14. Bb2 f6 15.
Bb5+ Kf8 16. Rd1 Qe7 17. O-O g6 18. Qa4 Kg7 19. Bd7 Rd8 20. Bxc8 Raxc8 21. Qxa7
e4 22. Nd4 Nxd4 23. Bxd4 Ra8 24. Bxf6+ Kxf6 25. Rd6+ Bxd6 26. cxd6 Rxa7 27. dxe7
Kxe7 28. Ra1 Rd2 29. Re1 Rd4 30. f3 Rxa2 31. fxe4 Rxb4 32. h3 Rbb2 0-1

[Event "39th TCh-GRE"]
[Site "Eretria GRE"]
[Date "2011.07.04"]
[Round "3.6"]
[White "Bartel, Mateusz"]
[Black "Bologan, Viktor"]
[Result "1/2-1/2"]
[WhiteTitle "GM"]
[BlackTitle "GM"]
[WhiteElo "2611"]
[BlackElo "2678"]
[WhiteTeam "Chess Academy of Gazi 2099"]
[BlackTeam "Chess Union Amfissa"]
[WhiteFideId "1112635"]
[BlackFideId "13900048"]
[EventDate "2011.07.03"]

1. d4 Nf6 2. c4 c5 3. d5 b5 4. cxb5 a6 5. bxa6 g6 6. Nc3 Bxa6 7. g3 d6 8. Bg2
Bg7 9. Nf3 Nbd7 10. Rb1 O-O 11. O-O Qa5 12. Bd2 Bb7 13. Ne1 Rfb8 14. Nc2 Ne8 15.
b4 Qa6 16. bxc5 dxc5 17. Rb3 Nd6 18. Bg5 Bc8 19. Ne4 f5 20. Nd2 Nf6 21. Ra3 Qb5
22. Bf4 Nfe8 23. Rb3 Qa6 24. Ra3 Qb5 25. e4 Qb2 26. e5 Bxe5 27. Bxe5 Qxe5 28.
Re3 Qf6 29. Rfe1 Ra7 30. a4 c4 31. Na3 Ba6 32. Nf3 f4 33. Re6 Qc3 34. Qd4 Qxd4
35. Nxd4 Bc8 36. Nab5 Nxb5 37. Nxb5 Rxb5 38. axb5 Bxe6 39. dxe6 Ra3 40. gxf4 Rb3
41. Bc6 Nd6 42. Re5 Kg7 43. Rc5 Kf6 44. Kg2 Rb2 45. Bd7 Rb3 46. Bc6 Rb4 47. Bd7
Ne4 48. Rc8 Nd6 49. Rc5 Rb2 50. Kf3 Rb3+ 51. Kg2 h5 52. Bc6 h4 53. h3 c3 54. Kf1
Nf5 55. Bd5 Rb1+ 56. Kg2 Nd4 57. Rxc3 Rxb5 58. Bf3 Nxe6 59. Rc4 Nc5 60. Bg4 Nb7
61. Rc3 Nd6 62. Kf3 Rb4 63. Re3 Nb5 64. Re6+ Kf7 65. Re4 Nd4+ 66. Kg2 Kf6 67.
Bd7 Rc4 68. Be6 Rc3 69. Rxd4 Kxe6 70. Re4+ Kf6 71. Re5 e6 1/2-1/2

[Event "39th TCh-GRE"]
[Site "Eretria GRE"]
[Date "2011.07.04"]
[Round "3.6"]
[White "Georgakopoulos, Nikolaos"]
[Black "Emmanouilidis, Kostas"]
[Result "1-0"]
[WhiteElo "2283"]
[BlackElo "1985"]
[WhiteTeam "Chess Union Amfissa"]
[BlackTeam "Chess Academy of Gazi 2099"]
[WhiteFideId "4210891"]
[BlackFideId "4260260"]
[EventDate "2011.07.03"]

1. e4 e6 2. d4 d5 3. Nc3 dxe4 4. Nxe4 Nd7 5. Bd3 Ngf6 6. Qe2 Be7 7. Nf3 O-O 8.
Bd2 b6 9. O-O-O Bb7 10. Neg5 c5 11. Rhe1 Bxf3 12. Qxf3 h6 13. Ne4 Nxe4 14. Bxe4
Rc8 15. dxc5 Nxc5 16. Bxh6 Bg5+ 17. Kb1 Qf6 18. Qxf6 Bxf6 19. Bc1 Rfd8 20. Bf3
Bd4 21. Re2 Bf6 22. Red2 Rxd2 23. Rxd2 Bg5 24. Rd1 Bxc1 25. Kxc1 Kf8 26. c3 Ke7
27. Kc2 Rc7 28. h4 f5 29. Rd4 g6 30. b3 Nd7 31. Rd1 Rc5 32. b4 Rc8 33. Kb3 Nf6
34. c4 Rh8 35. g3 Rc8 36. Rd2 Rc7 37. Bg2 Ng4 38. Bf1 Ne5 39. Be2 Nd7 40. a3 Nf6
41. Bf1 Ne4 42. Rc2 Rd7 43. Bg2 Rd3+ 44. Kb2 Nd6 45. Bc6 e5 46. f3 e4 47. c5
bxc5 48. bxc5 Rxf3 49. cxd6+ Kxd6 50. Be8 Rxg3 51. Rc6+ Ke5 52. Bxg6 f4 53. h5
f3 54. h6 f2 55. h7 Rh3 56. Bh5 f1=Q 57. h8=Q+ Kd5 58. Qd8+ Kxc6 59. Be8+ Kc5
60. Qc7+ Kd5 61. Bc6+ Ke6 62. Bd7+ Kf6 63. Qd6+ Kg7 64. Qe5+ Kg6 65. Qe6+ Kg5
66. Qe7+ Kh6 67. Qe6+ Kg5 68. Qg8+ Kh6 69. Qh8+ Kg5 70. Qg7+ Kf4 71. Qf6+ Ke3
72. Qxf1 Rh2+ 73. Kc3 Rf2 74. Qe1+ Kf3 75. Bg4+ Kg3 76. Qe3+ Kg2 77. Bh3+ Kg1
78. Qg3+ 1-0

[Event "39th TCh-GRE"]
[Site "Eretria GRE"]
[Date "2011.07.04"]
[Round "3.6"]
[White "Stefanatos, Nikolaos"]
[Black "Zygouris, Hristos"]
[Result "0-1"]
[WhiteElo "1928"]
[BlackElo "2240"]
[WhiteTeam "Chess Academy of Gazi 2099"]
[BlackTeam "Chess Union Amfissa"]
[WhiteFideId "4223101"]
[BlackFideId "4200292"]
[EventDate "2011.07.03"]

1. d4 f5 2. c4 Nf6 3. Nc3 g6 4. g3 Bg7 5. Bg2 d6 6. Nf3 O-O 7. O-O c6 8. Qc2 Kh8
9. b3 Qe8 10. Bb2 h6 11. Rad1 g5 12. c5 d5 13. Ne5 Be6 14. f3 Nfd7 15. Nb1 Nxe5
16. dxe5 f4 17. e4 Qg6 18. Nc3 Nd7 19. Qe2 d4 20. Rxd4 Nxe5 21. Rb4 g4 22. Rxb7
gxf3 23. Bxf3 Bh3 24. Bg2 f3 25. Rxf3 Nxf3+ 26. Bxf3 Bd4+ 27. Kh1 Qf6 28. Bg2
Bxg2+ 29. Kxg2 Qf2+ 30. Qxf2 Rxf2+ 0-1

[Event "39th TCh-GRE"]
[Site "Eretria GRE"]
[Date "2011.07.04"]
[Round "3.6"]
[White "Havlikova, Kristyna"]
[Black "Aggeli, Eleni"]
[Result "1-0"]
[WhiteTitle "WIM"]
[WhiteElo "2280"]
[BlackElo "1862"]
[WhiteTeam "Chess Union Amfissa"]
[BlackTeam "Chess Academy of Gazi 2099"]
[WhiteFideId "309672"]
[BlackFideId "4213300"]
[EventDate "2011.07.03"]

1. e4 c5 2. Nf3 d6 3. d4 cxd4 4. Nxd4 Nf6 5. Nc3 e6 6. f4 a6 7. Be2 Be7 8. O-O
O-O 9. Be3 Nc6 10. Qe1 Qc7 11. Rd1 Rd8 12. Bf3 Bd7 13. Qg3 Nxd4 14. Bxd4 Bb5 15.
Rfe1 Ne8 16. Qf2 Rdc8 17. Bb6 Qb8 18. Nxb5 axb5 19. a3 Bd8 20. Bd4 Qc7 21. c3
Qe7 22. e5 d5 23. f5 exf5 24. Bxd5 Ra6 25. Qxf5 Rc7 26. Rf1 g6 27. Qd3 Rd7 28.
Bxf7+ Qxf7 29. Rxf7 Rxf7 30. Qxb5 Ng7 31. Bc5 Bg5 32. Rd7 Rxd7 33. Qxd7 Rc6 34.
Bd6 Be3+ 35. Kf1 1-0

[Event "39th TCh-GRE"]
[Site "Eretria GRE"]
[Date "2011.07.04"]
[Round "3.6"]
[White "Tsamantani, Eleni-Marina"]
[Black "Prokopiou, Ekaterini"]
[Result "0-1"]
[WhiteElo "1389"]
[BlackElo "1540"]
[WhiteTeam "Chess Union Amfissa"]
[BlackTeam "Chess Academy of Gazi 2099"]
[WhiteFideId "4249810"]
[BlackFideId "4218710"]
[EventDate "2011.07.03"]

1. d4 Nf6 2. Nf3 e6 3. Bg5 c5 4. e3 cxd4 5. exd4 d6 6. c3 Be7 7. Nbd2 b6 8. Bd3
Bb7 9. O-O Nbd7 10. Rc1 O-O 11. Bb1 a6 12. Re1 Rc8 13. Qe2 b5 14. Qd3 Re8 15.
Nf1 Qa5 16. Ng3 h6 17. Bd2 Qd8 18. Bc2 Bd5 19. Bb3 Bc4 20. Qc2 Nb6 21. Nf1 Qd7
22. Ne3 Qc6 23. Nxc4 bxc4 24. Be3 cxb3 25. Qxb3 Nc4 26. Bf4 Rb8 27. Qc2 Rxb2 28.
Qd3 Rxa2 29. Nd2 Nxd2 30. Bxd2 Rb8 31. Be3 Nd5 32. c4 Nxe3 33. Qxe3 Rc8 34. d5
Qc5 35. Qe4 Qxf2+ 36. Kh1 e5 37. Rf1 Qe2 38. Qxe2 Rxe2 39. Kg1 Re4 40. Ra1 Ra8
41. Rfc1 Bg5 42. Rc2 Be3+ 43. Kh1 Bd4 44. Rb1 a5 45. Ra2 a4 46. h3 Bc5 47. Kh2
Rxc4 48. Rd1 a3 49. Rb1 Rd4 50. Rb3 Rxd5 51. Rc3 Rd4 52. Rcc2 Rb4 53. Rd2 Bd4
54. Rd3 e4 55. Rdxa3 Rxa3 56. Rxa3 Rc4 57. Rb3 e3 58. Rb1 Bc3 0-1

[Event "39th TCh-GRE"]
[Site "Eretria GRE"]
[Date "2011.07.04"]
[Round "3.6"]
[White "Sandalakis, Nikolaos"]
[Black "Mihopoulos, Konstantinos"]
[Result "1/2-1/2"]
[WhiteElo "1925"]
[BlackElo "1968"]
[WhiteTeam "Chess Academy of Gazi 2099"]
[BlackTeam "Chess Union Amfissa"]
[WhiteFideId "4222890"]
[BlackFideId "4217110"]
[EventDate "2011.07.03"]

1. e4 c5 2. Nf3 e6 3. d4 cxd4 4. Nxd4 Nf6 5. Nc3 Nc6 6. Ndb5 d6 7. Bf4 e5 8. Bg5
a6 9. Na3 b5 10. Nd5 Be7 11. Bxf6 Bxf6 12. c4 b4 13. Nc2 Rb8 14. b3 O-O 15. g3
Bg5 16. Bg2 a5 17. O-O f5 18. exf5 Bxf5 19. Nde3 Bxe3 20. Nxe3 Nd4 21. Nxf5 Rxf5
22. Be4 Rf6 23. Qd3 g6 24. Kg2 Qb6 25. f4 Rbf8 26. fxe5 dxe5 27. Rxf6 Qxf6 28.
Rf1 Qxf1+ 29. Qxf1 Rxf1 30. Kxf1 Kf8 31. Kf2 Ne6 32. Ke3 Ke7 33. h4 Nc5 34. h5
Kf6 35. hxg6 hxg6 36. Bc2 g5 37. Kf3 Ke6 38. Ke3 Kd6 39. Kf3 Ke6 40. Ke3 1/2-1/2

[Event "39th TCh-GRE"]
[Site "Eretria GRE"]
[Date "2011.07.04"]
[Round "3.6"]
[White "Oikonomou, Panagiotis Ch."]
[Black "Prokopiou, Ioannis"]
[Result "1/2-1/2"]
[WhiteElo "1496"]
[BlackElo "1535"]
[WhiteTeam "Chess Union Amfissa"]
[BlackTeam "Chess Academy of Gazi 2099"]
[WhiteFideId "4274180"]
[BlackFideId "4218728"]
[EventDate "2011.07.03"]

1. d4 Nf6 2. Nf3 e6 3. Bg5 c5 4. e3 cxd4 5. exd4 d6 6. c3 Be7 7. Nbd2 b6 8. Bd3
Bb7 9. O-O Nbd7 10. Re1 O-O 11. Qe2 h6 12. Bh4 Nh5 13. Bxe7 Qxe7 14. Qe3 Nhf6
15. h3 Nd5 16. Qe4 N7f6 17. Qh4 Nh7 18. Qxe7 Nxe7 19. Be4 d5 20. Bd3 Nc6 21. Ne5
Rad8 22. f4 Nf6 23. g4 Nxe5 24. Rxe5 Rfe8 25. Kh2 Nd7 26. Re2 f5 27. gxf5 exf5
28. Rae1 Rf8 29. Nf3 Bc8 30. Nh4 Nb8 31. Ng6 Rf6 32. Re8+ Rf8 33. Nxf8 Rxe8 34.
Rxe8 Ba6 35. Bxa6 Nxa6 36. Ra8 Nc7 37. Rxa7 Nb5 38. Ra8 Nc7 39. Ne6+ Nxa8 40.
Nd8 Nc7 41. a4 Kf8 42. Kg3 Ke7 43. Nc6+ Kf6 44. b3 g5 45. c4 Ne6 46. cxd5 Nxf4
47. b4 Nxd5 48. a5 bxa5 49. bxa5 Nc7 50. Nb4 Ke6 51. a6 Nxa6 52. Nxa6 Kd5 53.
Nb4+ Kxd4 54. Kf3 h5 55. Nc2+ Kd3 56. Ne1+ Kd2 57. Ng2 g4+ 58. hxg4 hxg4+ 59.
Kf4 Ke2 60. Kxf5 Kf3 61. Nh4+ Kg3 62. Kg5 Kh3 63. Kh5 g3 64. Kg5 Kh2 65. Kg4 g2
66. Nxg2 Kxg2 1/2-1/2